Normal view
MARC view
- Alcaraz, Nora V.
Entry Personal Name
001 - CONTROL NUMBER
- control field: 61375
003 - CONTROL NUMBER IDENTIFIER
- control field: OSt
005 - DATE AND TIME OF LATEST TRANSACTION
- control field: 20240923091749.0
008 - FIXED-LENGTH DATA ELEMENTS
- fixed length control field: 240923|| aca||aabn | a|a d
040 ## - CATALOGING SOURCE
- Original cataloging agency: OSt
- Transcribing agency: OSt
100 ## - HEADING--PERSONAL NAME
- Personal name: Alcaraz, Nora V.
- Relator term: author.
670 ## - SOURCE DATA FOUND
- Source citation: Work cat.: (OSt): Alcaraz, Nora V. author., Demonstration lesson in combination classes science and health grade III and IV /, March 2018.
